000171176 001__ 171176 000171176 005__ 20260515163945.0 000171176 0248_ $$2sideral$$a149200 000171176 037__ $$aART-2026-149200 000171176 041__ $$aspa 000171176 100__ $$0(orcid)0000-0002-6757-7598$$aRivero Gracia, María Pilar$$uUniversidad de Zaragoza 000171176 245__ $$aEl uso de la IA en la enseñanza de las ciencias sociales 000171176 260__ $$c2026 000171176 540__ $$9info:eu-repo/semantics/closedAccess$$aAll rights reserved$$uhttp://www.europeana.eu/rights/rr-f/ 000171176 655_4 $$ainfo:eu-repo/semantics/other$$vinfo:eu-repo/semantics/publishedVersion 000171176 700__ $$0(orcid)0000-0002-3023-4516$$aAso Morán, Borja$$uUniversidad de Zaragoza 000171176 7102_ $$14013$$2210$$aUniversidad de Zaragoza$$bDpto. Didácticas Específicas$$cÁrea Didáctica Ciencias Socia. 000171176 773__ $$g122 (2026), 4-9$$pIber (Barc.)$$tIber (Barcelona)$$x1133-9810 000171176 85641 $$uhttps://www.grao.com/revistas/la-inteligencia-artificial-en-la-ensenanza-de-las-ciencias-sociales-80828?contenido=506618$$zTexto completo de la revista 000171176 8564_ $$s1387168$$uhttps://zaguan.unizar.es/record/171176/files/texto_completo.pdf$$yVersión publicada 000171176 8564_ $$s1139324$$uhttps://zaguan.unizar.es/record/171176/files/texto_completo.jpg?subformat=icon$$xicon$$yVersión publicada 000171176 909CO $$ooai:zaguan.unizar.es:171176$$particulos$$pdriver 000171176 951__ $$a2026-05-15-14:54:27 000171176 980__ $$aARTICLE